000 00806pam a2200277 a 4500
005 20260322212010.0
008 data
010 _a 97035254
020 _a1560657065
020 _a9781560657064
040 _aDLC
_cDLC
_dDLC
042 _alcac
043 _an-us---
050 0 0 _aKF320.L4
_bQ56 1998
082 0 0 _a340/.02373
_221
092 _a340 Qui 1998
100 1 _aQuinlan, Kathryn A.
245 1 0 _aParalegal /
_cKathryn A. Quinlan.
260 _aMankato, Minn. :
_bCapstone High/Low Books,
_cc1998.
300 _a48 p. :
_b col. ill. ;
_c23 cm.
490 1 _aCareers without college
504 _aIncludes bibliographical references (p. 42) and index.
650 0 _aLegal assistants
_xVocational guidance
_zUnited States.
830 0 _aCareers without college (Mankato, Minn.)
001 data
999 _c200
_d200